Traffic Effects on Structures and Environment International Conference. Czechoslovakia, The High Tatras 1-3 December 1987

Saved in:
Bibliographic Details
Format: Book
Language:English
Published: Žilina House of Technology ČSVTS 1987
Edition:1. ed.
Tags: Add Tag
No Tags, Be the first to tag this record!

MARC

LEADER 00000nam a2200000 4500
001 c024649
005 20221219120740.8
041 0 |a eng 
044 |a SK 
245 1 0 |a Traffic Effects on Structures and Environment  |b International Conference. Czechoslovakia, The High Tatras 1-3 December 1987 
250 |a 1. ed. 
264 1 |a Žilina  |b House of Technology ČSVTS  |c 1987 
300 |a 2 zv.